书目信息 |
| 题名: |
分子蒸馏技术
|
|
| 作者: | 杨村 , 于宏奇 , 冯武文 编著 | |
| 分册: | ||
| 出版信息: | 北京 化学工业出版社 2003.01 |
|
| 页数: | 147页 | |
| 开本: | 20cm | |
| 丛书名: | 高新技术科普丛书 | |
| 单 册: | ||
| 中图分类: | TQ , O658.3 | |
| 科图分类: | ||
| 主题词: | 分析化学 , 分析(化学) | |
| 电子资源: | ||
| ISBN: | 7-5025-4221-3 | |
| 000 | 00809nam0 2200277 45 | |
| 001 | 0354486422 | |
| 005 | 2003111115080630 | |
| 010 | @a7-5025-4221-3@d13.00CNY | |
| 100 | @a20031111d2003 km y0chiy0120 ea | |
| 101 | 0 | @achi |
| 102 | @aCN@b110000 | |
| 200 | 1 | @a分子蒸馏技术@AFen Zi Zheng Liu Ji Shu@f杨村,于宏奇,冯武文编著@FYang Cun,Yu Hong Qi,Feng Wu Wen Bian Zhu |
| 210 | @a北京@c化学工业出版社@d2003.01 | |
| 215 | @a147页@d20cm | |
| 225 | 2 | @a高新技术科普丛书 |
| 300 | @a国家科普知识重点图书 | |
| 410 | 0 | @12001 @a高新技术科普丛书 |
| 606 | 0 | @a分析化学 |
| 606 | 0 | @a分析(化学) |
| 690 | @aTQ@v3 | |
| 690 | @aO658.3@v4 | |
| 701 | 0 | @a杨村@AYang Cun@4编著 |
| 701 | 0 | @a于宏奇@AYu Hong Qi@4编著 |
| 701 | 0 | @a冯武文@AFeng Wu Wen@4编著 |
| 801 | 0 | @aCN@bPFT@c20031111 |
| 905 | @a@dO658.3@eY155 | |
| 分子蒸馏技术/杨村,于宏奇,冯武文编著.-北京:化学工业出版社,2003.01 |
| 147页;20cm.-(高新技术科普丛书) |
| 国家科普知识重点图书 |
| ISBN 7-5025-4221-3:13.00CNY |
| ● |
| 相关链接 |
|
|
|
正题名:分子蒸馏技术
索取号:O658.3/Y155
 
预约/预借
| 序号 | 登录号 | 条形码 | 馆藏地/架位号 | 状态 | 备注 |
| 1 | 372604 | 203726049 | 自科库401/401自科库 66排2列5层/ [索取号:O658.3/Y155] | 在馆 | |
| 2 | 372605 | 203726058 | 自科库401/401自科库 66排2列5层/ [索取号:O658.3/Y155] | 在馆 | |
| 3 | 372606 | 203726067 | 自科库401/401自科库 66排2列5层/ [索取号:O658.3/Y155] | 在馆 |